| 000 | 01029nam a2200301Ia 4500 | ||
|---|---|---|---|
| 005 | 20220316235710.0 | ||
| 008 | 121119s1999 sp a gr 000 0 spa | ||
| 020 | _a8437616921 | ||
| 041 | 1 | _aspa | |
| 100 | 1 |
_aRabelais, Francois _d1494-1553 |
|
| 245 | 1 | 0 |
_aGargantúa _cFrancois Rabelais ; traducción de Alicia Yllera |
| 250 | _aPrimera edición | ||
| 300 |
_a362 páginas _bilustraciones _c18 cm |
||
| 490 | 0 |
_aLetras universales _vvolumen 272 |
|
| 504 | _aIncluye bibliografía | ||
| 534 | _tGargantua | ||
| 600 | 1 | 4 |
_aRabelais, Francois _d1494-1553 _xCrítica e interpretación _92997 |
| 600 | 1 | 4 |
_aRabelais, Francois, _d1494-1553 _tGargantua _xHistoria y crítica _92998 |
| 650 | 1 | 4 |
_aLiteratura francesa _ySiglo XVIII _2LEMB |
| 700 | 1 |
_aYllera, Alicia _etraductor _933390 |
|
| 942 |
_2loc _cBKLIT |
||
| 264 |
_aMadrid _bCátedra _c1999 |
||
| 336 |
_atexto _btxt _2rdacontent |
||
| 337 |
_asin mediación _bn _2rdamedia |
||
| 338 |
_avolumen _bnc _2rdacarrier |
||
| 040 |
_aCO-BoRNBP _bspa _erda _cCO-BoRNBP |
||
| 084 | _aN RAB3 | ||
| 999 |
_c1867 _d1867 |
||